Study of rural industrialisation in drought prone region : with special reference to Anantpur district (Record no. 24009)
[ view plain ]
| 000 -LEADER | |
|---|---|
| fixed length control field | 00309nam a2200097Ia 4500 |
| 008 - FIXED-LENGTH DATA ELEMENTS--GENERAL INFORMATION | |
| fixed length control field | 190716s9999 xx 000 0 und d |
| 082 ## - CLASSIFICATION NUMBER | |
| Call Number | TG- 302# |
| 100 ## - AUTHOR NAME | |
| Author | Gangi Reddy, Y. |
| 245 #0 - TITLE STATEMENT | |
| Title | Study of rural industrialisation in drought prone region : with special reference to Anantpur district |
| 942 ## - ADDED ENTRY ELEMENTS (KOHA) | |
| Koha item type | Micro-Film |
| Withdrawn status | Circulation Status | Home library | Current library | Entry Date | Accession Number | Koha item type |
|---|---|---|---|---|---|---|
| NASSDOC Library | NASSDOC Library | 16/07/2019 | MF344 | Micro-Film |
